| 000 | 01149nam a2200361 i 4500 | ||
|---|---|---|---|
| 001 | 15 | ||
| 003 | KOSZ 005 | ||
| 005 | 20200430080934.0 | ||
| 008 | 961010s1955 gw f |000 0 ger d | ||
| 040 |
_cKOSZ 005 _aKOSZ 005 _dKOSZ 005/HR |
||
| 041 | _apol | ||
| 080 | _a621.923 | ||
| 080 | _a669 | ||
| 100 | 1 |
_aStaudinger, Heinrich _eAutor |
|
| 245 | 0 |
_aDas Schleifen und Polieren der Metalle / _cHeinrich Staudinger. |
|
| 250 | _a5 vollig neubearb. Aufl. | ||
| 260 |
_aBerlin : _bSpringer Verlag, _c1955. |
||
| 300 |
_a64 s. : _bilustracje, _c24 cm. |
||
| 336 |
_2rdacontent _aTekst _btxt |
||
| 337 |
_2rdamedia _aBez urządzenia pośredniczącego _bn |
||
| 338 |
_2rdacarrier _aWolumin _bnc |
||
| 380 | _aKsiążki | ||
| 380 | _aPublikacje fachowe | ||
| 388 | _a1901-2000 | ||
| 490 | 1 |
_aWerkstattbücher ; _vH. 5 |
|
| 650 | 7 | _aSzlifowanie | |
| 650 | 7 | _aPolerowanie | |
| 658 | _aInżynieria i technika | ||
| 710 | 2 | _aSpringer | |
| 830 | 0 |
_aWerkstattbücher ; _vH. 5 |
|
| 856 |
_uhttp://koha.tu.koszalin.pl/cgi-bin/koha/opac-detail.pl?biblionumber=15973 _yKatalog online BPK |
||
| 942 |
_cKS _2UKD |
||
| 999 |
_c15973 _d15973 |
||